Nine mayan women a village faces change
保存先:
| 第一著者: | |
|---|---|
| フォーマット: | 不明 |
| 言語: | English |
| 出版事項: |
Cambridge, Massachusetts
Schenkman Books
c1985
|
| 主題: | |
| タグ: |
タグ追加
タグなし, このレコードへの初めてのタグを付けませんか!
|
MARC
| LEADER | 000000000a22000000004500 | ||
|---|---|---|---|
| 001 | 000001 | ||
| 003 | CIICLA | ||
| 005 | 20171128092354.0 | ||
| 007 | ta | ||
| 008 | 131025b1985 cr ||||| |||| 00| 0 eng d | ||
| 020 | |a 0470238623 047023864X (pbk.) | ||
| 040 | |a CIICLA Universidad de Costa Rica |b spa |c CIICLA Universidad de Costa Rica | ||
| 041 | 0 | |a eng | |
| 082 | 0 | 4 | |a 301.412.097.26 |b E44n |
| 100 | 1 | |a Elmendorf, Mary Lindsay | |
| 245 | 1 | 0 | |a Nine mayan women |b a village faces change |
| 260 | |a Cambridge, Massachusetts |b Schenkman Books |c c1985 | ||
| 300 | |a 158 páginas | ||
| 500 | |a Colección George Yúdice | ||
| 650 | 4 | |a MAYAS | |
| 650 | 4 | |a VIDA SOCIAL Y COSTUMBRES | |
| 650 | 4 | |a RELIGION Y MITOLOGIA | |
| 650 | 4 | |a ESTUDIOS DE CASO | |
| 650 | 4 | |a MITOLOGIA MAYA | |
| 650 | 4 | |a MUJERES | |
| 650 | 4 | |a MEXICO | |
| 942 | |2 ddc |c BK |h 301.412.097.26 Fotocopia |i E44n |6 301_412000000000000_097_26_FOT | ||
| 999 | |c 6 |d 6 | ||



